000 00681nam a2200241 i 4500
001 C2-0304553
003 PPAK
005 20180728085648.0
008 100601s2008 nyu |||| ||||| | eng d
020 _a9780553805093
040 _aPPAK
_beng
_cPPAK
_erda
082 0 4 _a332.6092
_223
090 0 0 _a332.6092
_bSCH
_dLCK
100 1 _aSchroeder, alice.,
_eauthor
245 1 4 _aThe snowball :
_bWarren buffett and the business of life.
264 1 _aNew York. :
_bBantam Books. ,
_c2008
300 _axi, 960 pages ;
_c24 cm
336 _2rdacontent
_atext
337 _2rdamedia
_aunmediated
338 _2rdacarrier
_avolume
650 1 0 _aBuffett, warren.
942 _ddc
_cB
999 _c107685
_d107685